|
|
|
|
| LEADER |
01188nam a22003374a 4500 |
| 001 |
33385 |
| 003 |
BD-DhAAL |
| 005 |
20180715110346.0 |
| 008 |
180714t2003 caua 001 0 eng |
| 999 |
|
|
|c 39770
|d 39770
|
| 010 |
|
|
|a 2002035098
|
| 020 |
|
|
|a 0891061738 (pbk.)
|
| 020 |
|
|
|a 9780891061731
|
| 040 |
|
|
|a DLC
|c DLC
|d DLC
|d BD-DhAAL
|
| 042 |
|
|
|a pcc
|
| 050 |
0 |
0 |
|a HF5384
|b .R53 2003
|
| 082 |
0 |
0 |
|a 650.14
|2 21
|
| 100 |
1 |
|
|a Rice, Sydney,
|d 1941-
|9 27263
|
| 245 |
1 |
0 |
|a Choice points :
|b navigate your career using the unique PaperRoom process /
|c Sydney Rice.
|
| 250 |
|
|
|a First edition
|
| 260 |
|
|
|a Palo Alto, Calif. :
|b Davies-Black,
|c c2003.
|
| 300 |
|
|
|a xxiii, 177 pages :
|b illustrations ;
|c 24 cm.
|
| 500 |
|
|
|a Includes index.
|
| 526 |
|
|
|a ARC
|
| 541 |
|
|
|e 33385
|
| 650 |
|
0 |
|a Career changes
|x Decision making.
|9 27264
|
| 650 |
|
0 |
|a Career development.
|9 27265
|
| 650 |
|
0 |
|a Choice (Psychology)
|9 27266
|
| 852 |
|
|
|a Department of Architecture
|c General Stacks
|
| 942 |
|
|
|2 ddc
|c BK
|
| 952 |
|
|
|0 0
|1 0
|2 ddc
|4 0
|6 650_140000000000000_RIC
|7 0
|9 63798
|a BRACUL
|b BRACUL
|c GEN
|d 2018-07-15
|l 0
|o 650.14 RIC
|p 3010033385
|r 2018-07-15
|t 1
|w 2018-07-15
|y BK
|x Transferred from ARC to BRACUL on 28/12/2023
|